000 00815cam a2200265 4500
001 sa 68014733
003 DLC
005 20260227112635.0
008 700218s1966 ii 000 0 eng
010 _asa 68014733
025 _aPL480:I-E-10307
040 _aDLC
_cDLC
_dDLC
043 _aab-----
050 0 0 _aKNT3106
_b.M35 1966
082 0 0 _a340/.0954/14
100 1 _aMajumder, Ajit B.
245 1 4 _aThe story of administration of laws in Bengal
_c[by Ajit B. Mojumder]
260 _aAlipore,
_bSuperintendent, Govt. Print., West Bengal Govt. Press,
_c1966.
300 _aii, 94 p.
_c25 cm.
350 _a6.00
500 _aCover title.
500 _aAt head of title: Govt. of West Bengal, Judicial Dept.
650 0 _aLaw
_zIndia
_zBengal
_xHistory.
710 1 _aWest Bengal.
_bJudicial Department.
999 _c86007
_d86007